000 00477nam a2200181Ia 4500
001 21441
005 20260306172919.0
008 260306t2008||||xx |||||||||||||| ||spa||
041 _aESP
082 _a345
_bG92 2007
100 _aGuillén Sosa, Henry Antonio
_eAUT
245 0 _aDerecho procesal penal :
_banálisis del nuevo código procesal penal
260 _c2008
300 _a462 páginas :
_c29 cm.
650 _aGEN
654 _aCDE
942 _cLIB
_dJUS
_fJUS
_2ddc
_n
999 _c21441
_d21441